| 000 | 01613nam a22004217a 4500 | ||
|---|---|---|---|
| 082 |
_a297.122 _bQAR |
||
| 100 |
_aQarni,Sabir _951049 |
||
| 245 |
_aتعلیم القرآن _bقرآن کو قرآن کی ذبان میں سمجنے کا جدید طریقہ |
||
| 260 |
_aLahore, _bTaleem Ul Quran, _c2000. |
||
| 300 | _a110p. | ||
| 526 |
_a0 _b0 _c0 _d297_122000000000000_QAR |
||
| 526 |
_a0 _b0 _c0 _d297_122000000000000_QAR |
||
| 526 |
_a0 _b0 _c0 _d297_122000000000000_QAR |
||
| 526 |
_a0 _b0 _c0 _d297_122000000000000_QAR |
||
| 526 |
_a0 _b0 _c0 _d297_122000000000000_QAR |
||
| 526 |
_a0 _b0 _c0 _d297_122000000000000_QAR |
||
| 526 |
_a0 _b0 _c0 _d297_122000000000000_QAR |
||
| 526 |
_a0 _b0 _c0 _d297_122000000000000_QAR |
||
| 526 |
_a0 _b0 _c0 _d297_122000000000000_QAR |
||
| 526 |
_a0 _b0 _c0 _d297_122000000000000_QAR |
||
| 526 |
_a0 _b0 _c0 _d297_122000000000000_QAR |
||
| 526 |
_a0 _b0 _c0 _d297_122000000000000_QAR |
||
| 526 |
_a0 _b0 _c0 _d297_122000000000000_QAR |
||
| 526 |
_a0 _b0 _c0 _d297_122000000000000_QAR |
||
| 526 |
_a0 _b0 _c0 _d297_122000000000000_QAR |
||
| 526 |
_a0 _b0 _c0 _d297_122000000000000_QAR |
||
| 526 |
_a0 _b0 _c0 _d297_122000000000000_QAR |
||
| 526 |
_a0 _b0 _c0 _d297_122000000000000_QAR |
||
| 526 |
_a0 _b0 _c0 _d297_122000000000000_QAR |
||
| 526 |
_a0 _b0 _c0 _d297_122000000000000_QAR |
||
| 526 |
_a0 _b0 _c0 _d297_122000000000000_QAR |
||
| 526 |
_a0 _b0 _c0 _d297_122000000000000_QAR |
||
| 526 |
_a0 _b0 _c0 _d297_122000000000000_QAR |
||
| 526 |
_a0 _b0 _c0 _d297_122000000000000_QAR |
||
| 526 |
_a0 _b0 _c0 _d297_122000000000000_QAR |
||
| 526 |
_a0 _b0 _c0 _d297_122000000000000_QAR |
||
| 942 |
_2ddc _cBK |
||
| 999 |
_c553791 _d553791 |
||